000 00934nam a2200289Ia 4500
001 Z_5292
003 CHAP
008 220113s2005 xx 000 0 und d
010 _a168356
040 _cCHAP
090 _aTesis G 1894
100 _aAvendaño Jiménez, Josefa Guadalupe
_98566
245 _aEvaluación de la producción de leche de conejas primiparas bajo uno o dos amamantamientos al día /
_cJosefa Guadalupe Avendaño Jiménez y Efraím García Palacios
260 _aChapingo, Méx. :
_bEl autor,
_c2005
300 _a64 h.
502 _aTesis (Ing. Agr. Esp. en Zootecnia) -- UACH. Departamento de Zootecnia
650 _aConejos
_x
_x Fecundidad
_9142635
650 _aLactancia
_964346
650 _aLeche de conejo
_x
_x Producción
_9142636
700 _aGarcía Palacios, Efraím
_9142637
901 _aTESIS G 1894
902 _aM
910 _a2005
942 _c2
942 _c2
999 _c168356
_d168356